| 000 | 00743nam a2200145Ia 4500 | ||
|---|---|---|---|
| 008 | 171212s9999 xx 000 0 und d | ||
| 020 | _a9781921666001 | ||
| 100 | _aNombo, Porer;Leach, James | ||
| 245 |
_cNombo, Porer;Leach, James _aReite Plants _bAn Ethnobotanical Study in Tok Pisin and English |
||
| 260 |
_bANU E Press _c2010 |
||
| 440 | _aAsia-Pacific Environment Monographs | ||
| 650 | _aBotany & Plant Sciences | ||
| 650 | _aPlants, Useful -- Papua New Guinea -- Madang Province; Traditional medicine -- Papua New Guinea -- Madang Province; Ethnobotany -- Papua New Guinea -- Madang Province; Nekgini (Papua New Guinean people) -- Ethnobotany -- Papua New Guinea -- Madang Provinc | ||
| 856 | _uwww.jstor.org/stable/10.2307/j.ctt24h7vj | ||
| 999 |
_c351291 _d351291 |
||